000 00947cab a2200277 4500
001 ABS53116
008 090401t1995 xxu||||| |||| 00| 0 eng d
035 _a(Sirsi) u2201
041 _aeng
100 _aWhite, S.
245 4 _aThe role and status of Supplementary Planning Guidance
260 _c1995
350 _a0
490 _aJournal of Planning and Environment Law
_vJune 1995, 471-481(11)
520 _aAssesses whether the status of Supplementary Planning Guidance (SPG) has been enhanced by the introduction of a plan-led system under the Planning and Compensation Act 1991.
650 _aDEVELOPMENT CONTROL
650 _aDEVELOPMENT PLANS
650 _aPLAN-LED SYSTEM
650 _aPLANNING AND COMPENSATION ACT 1991
650 _aREGIONAL PLANNING GUIDANCE
650 _aSUPPLEMENTARY PLANNING GUIDANCE
690 _aPLANNING LAW AND PRACTICE
700 _aTewdwr-Jones, M.
942 _n0
948 _c04/03/1997
999 _c1329
_d1329